000 00476nam a2200157Ia 4500
008 230907s9999||||xx |||||||||||||| ||und||
082 _a621.3
_bRIZ
100 _aRizwan Ali (00000277181)
_9116751
245 0 _aImpacts of High Penetration of Wind Power on Transmission System /
260 _aUSPCAS-E, NUST,
_bIslamabad :
_c2022
300 _axiii, 55 p.
520 _aTH-418
650 _aMS-EEP Thesis MS Thesis
700 _aDr Kashif Imran
_9117108
942 _cTHE
_2ddc
999 _c602096
_d602096